Daily Country Riddle #1 - Statistics

General Stats
  • This quiz has been taken 4,629 times
  • The average score is 10 of 15
Answer Stats
Type Answer % Correct
Found Letter A
99%
Found Letter N
95%
Found Letter E
90%
Found Letter L
79%
Correctly Placed Letter E
73%
Correctly Placed Letter A
69%
Correctly Placed Letter N
67%
Found Letter B
65%
Found Letter O
65%
Correctly Placed Letter B
50%
Correctly Placed Letter O
46%
Correctly Placed Letter L
43%
Answer Lebanon
42%
Correctly Placed Letter N
42%
Found Letter N
42%
No matching quizzes found
Score Distribution
Percent of People with Each Score
Percentile by Number Answered
Your Score History
You have not taken this quiz